000 01278cad a22002295a 4500
001 E146812
008 090302s2009 xxkad f s 000 0 eng d
035 _a(Sirsi) u146812
041 0 _aeng
100 1 _aHall, Barry
245 0 4 _aSeeing the difference
_h[electronic resource]
260 _c2009
490 _aRICS Residential Property Journal
_vMarch-April 2009, 10-13(3)
520 _aArticle looks at the new Homebuyer Survey and Valuation (HSV) report, which comes into full use in July. The report will be known as the RICS Homebuyer Report (HBR) and contains various changes from the HSV, including the introduction of condition ratings of the main building elements. Article discusses these changes and provides a table comparing the HSV with the new HBR, as well as dates for forthcoming 2009 HBR Road show events.
520 _aArticle is member-only content and members must be registered with www.rics.org to access it.
590 _aKA
650 2 4 _aHOMEBUYERS REPORT
651 4 _aUnited Kingdom
_y
690 _aPROPERTY-RESIDENTIAL PROPERTY-RESIDENTIAL PROPERTY APPRAISAL AND VALUATION
856 4 0 _uhttps://www.rics.org/Global/Downloads/ResMarApr09_web.pdf
_zView the article free of charge (RICS member-only content) at www.rics.org...
942 _n0
999 _c81296
_d81296